Word Ladder: I'm Worried About the Beaver Quiz Stats

 Plays Quiz Updated Jul 8, 2018

Challenge
Share
Tweet
Embed
Score 0/60 Timer 06:00
0 Plays Today
Hint 4-Letter Word % Correct
Golden Rule: 'Do ____ others . . . 'UNTO
94.2%
No ifs, ____, or butsANDS
93.2%
Of an identical typeSAME
91.8%
Terminates, concludesENDS
91.8%
Not allSOME
91.7%
Dwelling placeHOME
91.4%
Of sound mindSANE
91.4%
Cancel or reverse effects UNDO
90.7%
Subsidiary to main dishSIDE
90.6%
Trig functionSINE
89.9%
Condition treated by AZTAIDS
88.7%
Fired a rifleSHOT
87.9%
Mark Antony: '____ me your ears.'LEND
87.5%
Visit stores to buy goodsSHOP
87.4%
AssistantAIDE
87.4%
Large seagoing vesselSHIP
87.2%
Fine black chimney particlesSOOT
86.6%
Underground plant supportROOT
86%
Front part of lower legSHIN
85.8%
Elevator directionDOWN
85.7%
Successfly finish plane flightLAND
85.3%
DaybreakDAWN
85.3%
Heavy metal (Pb)LEAD
84.7%
Go outside cellular home networkROAM
83.7%
500 sheets of paperREAM
83.5%
Right on most mapsEAST
82.9%
Shakespeare's tragic kingLEAR
82.8%
Prefix meaning 'within'ENDO-
82.5%
House partitionROOM
82%
Plaster broken bone supportCAST
81.9%
Hint 4-Letter Word % Correct
Hitchcock's '___ Window'REAR
81%
Left on most mapsWEST
80.8%
Decorative flower holderVASE
80.7%
Mend socksDARN
79.7%
Absence of difficulty or effortEASE
79%
Horse-drawn open vehicleCART
79%
Chardonnay or Pinot Noir, e.g.WINE
79%
Of great extent, immenseVAST
78%
To have scattered seedsSOWN
77.9%
Pointed hand-thrown missileDART
77.7%
Natural movement of airWIND
77%
DepartedWENT
72.2%
Old 2nd pers. sing past of 'be'WAST
71.1%
Unduly long and slenderLANK
70.9%
Not have enoughLACK
70.3%
Soak up sunshineBASK
69%
Meander, amble by indirect routeWEND
68%
US goalkeeper SoloHOPE
66.6%
Send a telegram WIRE
65.9%
Give financial supportBACK
65.8%
Long, loose outer garmentROBE
64.5%
Article offered for saleWARE
58.1%
Deceptive strategyRUSE
58%
Country bumpkinRUBE
56.9%
1948 Hitchcock crime thrillerROPE
54.6%
What street performers doBUSK
52.8%
To have cut timberSAWN
49%
Hard, dry biscuit RUSK
48.5%
Make the sign of the cross (Brit.)SAIN
45.3%
➳ COMMON BOND ➳WARD
30.1%

Today's Daily Dose

Missing Word
No Snow!

Word Ladder
Wild Cats

On This Day
December 16th II

You're not logged in!

Compare scores with friends on all Sporcle quizzes.
OR
Log In

You Might Also Like...

Show Comments

Extras

Top Quizzes Today


Score Distribution

Your Account Isn't Verified!

In order to create a playlist on Sporcle, you need to verify the email address you used during registration. Go to your Sporcle Settings to finish the process.

Report this User

Report this user for behavior that violates our Community Guidelines.

Details: